Born in St. Albans - Statistics

General Stats
  • This quiz has been taken 14 times
    10 since last reset
  • The average score is 2 of 5
Answer Stats
Hint Answer % Correct
Footballer who plays for Brighton and played for Liverpool, Southampton and the English national team 1988 Adam Lallana
78%
Director, "Donnie Brasco" "Harry Potter and the Goblet of Fire" "Four Weddings and a Funeral" 1942 Mike Newell
44%
Influential woman through her close relationship with Queen Anne, she is portrayed by Rachel Weisz in "The Favourite" 1660 Sarah Churchill, Duchess of Marlborough
44%
Female cyclist and European Champion in 2012 and 2013 1981 Helen Wyman
22%
Founder and keyboardist of "The Zombies" 1945 Rod Argent
22%
No matching quizzes found
Score Distribution
Percent of People with Each Score
Percentile by Number Answered
Your Score History
You have not taken this quiz since the last reset